|
|
|
|
| LEADER |
01430nam a2200421 a 4500 |
| 001 |
000713873 |
| 003 |
CZ BrMZK |
| 005 |
20090811101640.0 |
| 007 |
ta |
| 008 |
040504s2004 xr a e 000 0 cze d |
| 015 |
|
|
|a cnb001311587
|
| 020 |
|
|
|a 80-204-1019-8
|q (brož.)
|
| 035 |
|
|
|a (OCoLC)85101035
|
| 040 |
|
|
|a BOA001
|b cze
|
| 072 |
|
7 |
|a 613
|x Hygiena. Lidské zdraví
|2 Konspekt
|9 14
|
| 080 |
|
|
|a 316.346.32-053.3
|2 MRF
|
| 080 |
|
|
|a 316.346.32-053.4
|2 MRF
|
| 080 |
|
|
|a 612.65
|2 MRF
|
| 080 |
|
|
|a 159.922.72
|2 MRF
|
| 080 |
|
|
|a 613.952/.954
|2 MRF
|
| 080 |
|
|
|a (0.062)
|2 MRF
|
| 100 |
1 |
|
|a Karger, Petr
|7 jn20001227190
|4 aut
|
| 245 |
1 |
0 |
|a Péče o dítě do tří let /
|c Petr Karger
|
| 246 |
3 |
3 |
|a Péče o dítě do 3 let
|
| 250 |
|
|
|a Vyd. 1.
|
| 260 |
|
|
|a Praha :
|b Mladá fronta,
|c 2004
|
| 300 |
|
|
|a 158 s. :
|b barev. il. ;
|c 20 cm
|
| 490 |
1 |
|
|a Žijeme s dětmi ;
|v sv. 5
|
| 650 |
0 |
7 |
|a kojenci
|7 ph114943
|2 czenas
|
| 650 |
0 |
7 |
|a batolata
|7 ph114130
|2 czenas
|
| 650 |
0 |
7 |
|a vývoj dítěte
|7 ph127471
|2 czenas
|
| 650 |
0 |
7 |
|a péče o dítě
|7 ph124848
|2 czenas
|
| 655 |
|
7 |
|a populárně-naučné publikace
|7 fd131864
|2 czenas
|
| 830 |
|
0 |
|a Žijeme s dětmi
|0 s
|
| 910 |
|
|
|a BOA001
|b 2-1134.576
|
| 990 |
|
|
|a BK
|
| 996 |
6 |
|
|b 2610219751
|c 2-1134.576
|l MZK
|r Sklad / do 1 hodiny
|n 3
|p p.v.
|w 000713873
|u 000010
|a 1
|e BOA001
|j MZK50
|s P
|
| 996 |
7 |
|
|b 2610220203
|c 2-1134.576
|l MZK
|r Sklad / do 1 hodiny
|n 34
|p kup
|w 000713873
|u 000020
|a 1
|e BOA001
|j MZK50
|s A
|